Statistics for Top scorers of the 2016/17 NHL Season

Click here to take the quiz!

General Stats

  • This quiz has been taken 105 times
  • The average score is 40 of 52

Answer Stats

PointsPlayerTeamCountryPosition% Correct
89Sidney CrosbyPittsburgh PenguinsCanadaC
100%
100Connor McDavidEdmonton OilersCanadaC
99%
89Patrick KaneChicago BlackhawksUSARW
98%
69Alexander OvechkinWashington CapitalsRussiaLW
97%
85Brad MarchandBoston BruinsCanadaLW
97%
72Evgeni MalkinPittsburgh PenguinsRussiaC
97%
69Auston MatthewsToronto Maple LeafsUSAC
95%
71Erik KarlssonOttawa SenatorsSwedenD
95%
69Jamie BennDallas StarsCanadaLW
94%
86Nicklas BackstromWashington CapitalsSwedenC
94%
85Nikita KucherovTampa Bay LightningRussiaRW
94%
64Patrik LaineWinnipeg JetsFinlandRW
93%
72Tyler SeguinDallas StarsCanadaC
92%
76Brent BurnsSan Jose SharksCanadaD
91%
73Ryan GetzlafAnaheim DucksCanadaC
91%
74Artemi PanarinChicago BlackhawksRussiaLW
90%
74Blake WheelerWinnipeg JetsUSARW
89%
75Vladimir TarasenkoSt. Louis BluesRussiaRW
89%
58Jonathan ToewsChicago BlackhawksCanadaC
88%
77Leon DraisaitlEdmonton OilersGermanyC
88%
66John TavaresNew York IslandersCanadaC
85%
72Victor HedmanTampa Bay LightningSwedenD
85%
61Mitchell MarnerToronto Maple LeafsCanadaC
84%
70Phil KesselPittsburgh PenguinsUSARW
84%
82Mark ScheifeleWinnipeg JetsCanadaC
82%
58Claude GirouxPhiladelphia FlyersCanadaC
81%
70David PastrnakBoston BruinsCzech RepublicRW
81%
58Mikko KoivuMinnesota WildFinlandC
81%
59Evgeny KuznetsovWashington CapitalsRussiaC
80%
68Joe PavelskiSan Jose SharksUSAC
80%
61Johnny GaudreauCalgary FlamesUSALW
77%
68Henrik ZetterbergDetroit Red WingsSwedenC
75%
67Max PaciorettyMontreal CanadiensUSALW
74%
61William NylanderToronto Maple LeafsSwedenC
73%
58Filip ForsbergNashville PredatorsSwedenLW
72%
65Eric StaalMinnesota WildCanadaC
70%
61Jakub VoracekPhiladelphia FlyersCzech RepublicRW
70%
59Mats ZuccarelloNew York RangersNorwayRW
66%
66Jeff CarterLos Angeles KingsCanadaC
65%
58Sean MonahanCalgary FlamesCanadaC
63%
62Cam AtkinsonColumbus Blue JacketsUSARW
60%
61Nazem KadriToronto Maple LeafsCanadaC
60%
64Nikolaj EhlersWinnipeg JetsDenmarkLW
59%
69Mikael GranlundMinnesota WildFinlandC
58%
61Ryan JohansenNashville PredatorsCanadaC
58%
58Ryan KeslerAnaheim DucksUSAC
56%
61Viktor ArvidssonNashville PredatorsSwedenLW
50%
63Jeff SkinnerCarolina HurricanesCanadaLW
48%
62James van RiemsdykToronto Maple LeafsUSALW
43%
61Mike HoffmanOttawa SenatorsCanadaLW
41%
59Alexander WennbergColumbus Blue JacketsSwedenC
36%
58Marcus JohanssonWashington CapitalsSwedenLW
30%

Score Distribution

Percentile by Number Answered

Percent of People with Each Score

Your Score History

You have not taken this quiz